Barcelona Underground Stations Quiz - Statistics

General Stats
  • This quiz has been taken 200 times
  • The average score is 54 of 121
Answer Stats
Stations % Correct
Catalunya
84%
Sagrada Família
79%
Universitat
74%
Espanya
73%
Passeig de Gràcia
73%
Diagonal/Provença
72%
Paral·lel
70%
Urquinaona
70%
Urquinaona
69%
Sants-Estació
68%
Barceloneta
67%
Badal
59%
Clot
59%
La Sagrera
58%
Glòries
56%
Trinitat Nova
56%
Arc de Triomf
54%
Badalona Pompeu Fabra
54%
Liceu
54%
Poble Sec
54%
Urgell
54%
Zona Universitària
54%
Fondo
53%
Marina
53%
Vall d'Hebron
53%
Jaume I
52%
Sant Antoni
52%
Drassanes
51%
Plaça de Sants
51%
Maria Cristina
49%
Poblenou
49%
Vall d'Hebron
49%
Ciutadella | Vila Olímpica
48%
Cornellà Centre
48%
Guinardó | Hospital de Sant Pau
48%
Sant Pau | Dos de Maig
48%
Tarragona
48%
Verdaguer
48%
Bellvitge
47%
Hospital Clínic
47%
Hospital de Bellvitge
47%
Plaça de Sants
47%
Rocafort
47%
Palau Reial
46%
Sant Andreu
46%
Horta
44%
Les Corts
44%
Bogatell
42%
Hostafrancs
42%
Trinitat Vella
42%
Tetuan
41%
Collblanc
40%
Girona
40%
Lesseps
40%
Vallcarca
40%
Alfons X
38%
El Carmel
38%
Fontana
38%
Plaça del Centre
38%
El Maresme | Fòrum
37%
Entença
37%
Navas
37%
Monumental
36%
Santa Coloma
36%
Fabra i Puig
35%
La Pau
35%
Maragall
35%
Encants
33%
Mercat Nou
33%
Santa Eulàlia
33%
Avinguda Carrilet
32%
Joanic
32%
Torrassa
32%
Gorg
31%
Penitents
31%
Roquetes
31%
Artigues | Sant Adrià
30%
Besòs
30%
Florida
30%
Mundet
30%
Pep Ventura
30%
Sant Martí
30%
Rbla. Just Oliveras
28%
Selva de Mar
28%
Torras i Bages
28%
Vilapicina
28%
Montbau
27%
Via Júlia
27%
Llacuna
26%
Llucmajor
26%
Besòs Mar
25%
Can Serra
25%
Canyelles
23%
Verneda
23%
Camp de l'Arpa
22%
Can Vidalet
22%
Valldaura
22%
Sant Roc
21%
Baró de Viver
20%
Virrei Amat
20%
Can Boixeres
19%
Congrés
19%
Pubilla Cases
17%
Bac de Roda
16%
Sant Ildefons
15%
Gavarra
14%
No matching quizzes found
Score Distribution
Percent of People with Each Score
Percentile by Number Answered
Your Score History
You have not taken this quiz